Normal view MARC view

Entry Personal Name

Number of records used in: 3

001 - CONTROL NUMBER

  • control field: 1239650

003 - CONTROL NUMBER IDENTIFIER

  • control field: OSt

005 - DATE AND TIME OF LATEST TRANSACTION

  • control field: 20260514122603.0

008 - FIXED-LENGTH DATA ELEMENTS

  • fixed length control field: 260514|| aca||aabn | a|a d

040 ## - CATALOGING SOURCE

  • Original cataloging agency: OSt
  • Transcribing agency: OSt

100 ## - HEADING--PERSONAL NAME

  • Personal name: Dr.Naresh Gupta

670 ## - SOURCE DATA FOUND

  • Source citation: Work cat.: (OSt)1851519: Dr. S Vijaya Devi 1239649, To Study the Aberrant Antigen Expression in Acute Lymphoblastic Leukemia.
Copyright @ Delhi University Library System